000 00337nam a22001457a 4500
008 210309b ||||| |||| 00| 0 eng d
020 _a9780395512012
041 _aeng
080 _a51
082 _251
100 _a37
101 _aMAT
245 _aBASIC CIRCUIT ANALYSIS
_cDavid R. Cunningham , John A. Stuller
942 _2udc
_cBK
999 _c56088
_d56088